Central Library OPAC University of Rajshahi

Out of the test tube; (Record no. 10128)

MARC details
000 -LEADER
fixed length control field 00799cam a22002771 4500
001 - CONTROL NUMBER
control field 10128
003 - CONTROL NUMBER IDENTIFIER
rucl marc code BD-RjUL
005 - DATE AND TIME OF LATEST TRANSACTION
control field 20211208234910.0
008 - FIXED-LENGTH DATA ELEMENTS--GENERAL INFORMATION
fixed length control field 140123r19621957nyua 001 0 eng
035 ## - SYSTEM CONTROL NUMBER
System control number (BD-RjUL)10175
System control number (OCoLC)1678725
040 ## - CATALOGING SOURCE
Original cataloging agency DLC
Transcribing agency FM
Modifying agency DLC
-- BD-RjUL
Language of cataloging eng
041 ## - LANGUAGE CODE
Language code of text/sound track or separate title eng
082 ## - DEWEY DECIMAL CLASSIFICATION NUMBER
Classification number 540
Author mark and year HOO
100 1# - MAIN ENTRY--PERSONAL NAME
Personal name Holmes, Harry N.
Fuller form of name (Harry Nicholls),
Dates associated with a name 1879-
9 (RLIN) 31265
245 10 - TITLE STATEMENT
Title Out of the test tube;
Remainder of title the story of chemistry.
250 ## - EDITION STATEMENT
Edition statement 5th ed., rev. and expanded.
260 ## - PUBLICATION, DISTRIBUTION, ETC. (IMPRINT)
Place of publication, distribution, etc. New York :
Name of publisher, distributor, etc. Emerson Books,
Date of publication, distribution, etc. 1957[printing1962]
300 ## - PHYSICAL DESCRIPTION
Pagination 313 p. :
Illustrations illus. ;
Size 24 cm.
504 ## - BIBLIOGRAPHY, ETC. NOTE
Bibliography, etc Includes index.
650 #0 - SUBJECT ADDED ENTRY--TOPICAL TERM
Topical term or geographic name as entry element Chemistry.
9 (RLIN) 31266
Topical term or geographic name as entry element Chemistry, Technical.
9 (RLIN) 31267
942 ## - ADDED ENTRY ELEMENTS (KOHA)
Source of classification or shelving scheme Dewey Decimal Classification
Koha item type Books
Holdings
Lost status Source of classification or shelving scheme Damaged status Not for loan Collection code Permanent Location Current Location Shelving location Date acquired Source of acquisition Cost, normal purchase price Total Checkouts Full call number Date last seen Copy number Koha item type
  Dewey Decimal Classification   Not For Loan Non-fiction Central Library, University of Rajshahi Central Library, University of Rajshahi   25/06/1966 Asia Foundation 0.00   540 HOO 1962 23/01/2014 C-1 Books